000 00961nam a22002535i 4500
001 67135
003 ES-MaACL
005 20250806062531.0
007 t|
008 910821s1988 sp ||||0| spa d
020 _a84-7812-023-8
040 _aM-BN
_bspa
_cM-BN
080 _a39(464.1 M.)"17"
100 1 _aSimón Palmer, María del Carmen.
_9106548
245 1 3 _aLa vida doméstica en palacio /
_cpor María del Carmen Simón Palmer.
260 _aMadrid :
_bAyuntamiento de Madrid, Area de Cultura, Educación, Juventud y Deportes :
_bInstituto de Estudios Madrileños,
_c1988.
300 _a28 p ;
_c22 cm.
490 1 _aCiclo de conferencias: El Madrid de Carlos III ;
_v12
651 4 _aMadrid-
_xUsos y costumbres-
_yS.XVIII.
_98991
710 2 _aInstituto de Estudios Madrileños
_94916
830 0 0 _aCiclo de conferencias: El Madrid de Carlos III
_v12
_9180033
852 _aES-MaACL
_j2172-F-13
_bR.117271
999 _c67135
_d67135